MCU characters by image - C #2 - Statistics

General Stats
  • This quiz has been taken 43 times
  • The average score is 5 of 8
Answer Stats
Picture Answer % Correct
The Collector
100%
Colossus
94%
Crossbones
74%
Cowboypool
54%
Clea
51%
Mrs. Chen
37%
Carina
34%
Dr. Curt Connors
34%
No matching quizzes found
Score Distribution
Percent of People with Each Score
Percentile by Number Answered
Your Score History
You have not taken this quiz